000 00632nam a2200193 a 4500
005 20140310183342.0
008 061219s19uu xx 00 eng d
020 _a1581806183
050 _aN 8217.F28
_b.N53 2005
100 _aNice, Claudia
245 _aCreating creatures of fantasy and imagination :
_beveryday inspirations for painting faeries, elves, dragons and more /
_cClaudia Nice
260 _aCincinnati, Ohio :
_bNorth Light Books,
_c2005.
300 _a127 p. :
_bill. col. ;
_c26 cm.
521 _aMA
650 _aFantastic, The, in art.
650 _aArt
_xTechnique.
942 _cBK
_2lcc
_kFOR
999 _c21835
_d21835